00410 a2200133 4500020001700000050002400017100003200041245005100073264004200124300002400166440001300190500005100203650002200254 a101849300232 aHF 5668.25 INT 2011 aHay'at Markaz Qatareauthor aBest practice approaches to internal auditing aLondon:bBloomsbury Informationc2011 ax, 239 p. :b ill.  aQfinance aIncludes bibliographical references and index. aAuditing internal